000 00481nam a2200181Ia 4500
001 8142
005 20260306160547.0
008 260306t2010||||xx |||||||||||||| ||spa||
041 _aESP
082 _a370.114
_bL87
100 _aLópez-Jurado Puig, Marta
_eAUT
245 0 _aDecisión correcta:
_bel aprendizaje de valores morales en la toma de decisiones
260 _c2010
300 _a307 páginas :
_c21 cm.
650 _aGEN
654 _aCED
942 _cLIB
_dJUS
_fJUS
_2ddc
_n
999 _c8142
_d8142